Décima quinta memoria anual : leída en Junta General celebrada el 4 de Abril de 1917 / Sociedad Fomento de la Sericicultura Española leída en Junta General celebrada el 4 de Abril de 1917 / Sociedad Fomento de la Sericicultura Española
Descripción Física:
10 p. ; 18 cm
Materias:
Fomento de la Sericicultura Española
MARC
| LEADER | 00000nam a2200000Ia 4500 | ||
|---|---|---|---|
| 001 | 20765 | ||
| 008 | 160829s1917 xx 000 0 cat d | ||
| 080 | |a 1946, exp. 14 | ||
| 110 | 2 | |a Fomento de la Sericicultura Española |9 55080 | |
| 245 | |a Décima quinta memoria anual : |b leída en Junta General celebrada el 4 de Abril de 1917 / Sociedad Fomento de la Sericicultura Española | ||
| 260 | |a Barcelona : |b Imprenta de Francisco J. Altés y Alabart, |c 1917 | ||
| 300 | |a 10 p. ; |c 18 cm | ||
| 590 | |a Hi ha un altre exemplar a la mateixa capsa | ||
| 650 | |a Fomento de la Sericicultura Española | ||
| 901 | |a Arxiu | ||
| 942 | |n 1 | ||
| 952 | |0 0 |1 0 |4 0 |6 1946_EXP_14 |7 1 |9 54703 |a Arxiu |b Arxiu |d 2016-12-01 |l 0 |o 1946, exp. 14 |p 20765 |r 2016-12-01 00:00:00 |w 2016-12-01 |y ARXIU | ||
| 999 | |c 58572 |d 58572 | ||